Paroles - Secret - Louane - Statistiques

Statistiques générales
  • Ce quiz a été pris 291 fois
  • Le résultat moyen est 258 sur 325
Statistiques - réponses
Réponse % Correct
je
98%
Je
98%
se
97%
te
97%
à
96%
de
96%
Tu
95%
tu
95%
j'ai
94%
pas
94%
peu
93%
ce
92%
le
92%
que
92%
et
91%
Et
91%
sais
91%
secret
91%
un
91%
les
89%
mal
89%
mon
89%
vais
88%
devenir
87%
voir
87%
plus
86%
grandir
85%
gros
85%
m'aimer
85%
vas
85%
c'est
84%
eu
84%
peur
84%
toi
84%
toi,
84%
toujours
83%
confier
82%
en
82%
filles
82%
si
82%
mais
81%
qui
81%
c'que
80%
d'mal
80%
suis
80%
facile
79%
même
79%
tout
79%
d'avoir
78%
sera
78%
une
78%
ça
77%
force
77%
la
77%
sache
77%
crois
76%
prête
76%
veux
76%
fragiles,
75%
moi
75%
comme
74%
déploie
74%
tomber
74%
toutes
74%
amoureuse
73%
t'as
73%
semblent
72%
heureuse
70%
coeur
69%
sois
69%
tous
69%
jours
68%
erreur
66%
j'veux
66%
t'empêcher
64%
devoir
63%
fera
63%
j'apprends
63%
j'espère
63%
parfois
62%
protéger
62%
douce
61%
Parce
60%
fait
58%
j'vais
58%
pousse
58%
j'pourrai
57%
qu'toi
57%
j'attends
56%
du
54%
dans
53%
pleurer
53%
tour
53%
noir
52%
j'crois
51%
l'ai
48%
miroirs
47%
temps
46%
avant
44%
qu'j'ai
44%
fois
43%
prend
43%
qu'tu
43%
vécu
43%
autres
42%
croiser
42%
mille
42%
regarder
42%
l'intérieur
40%
dur
39%
encore
39%
maintenant
39%
saches
38%
sentir
38%
simple
38%
comprends
37%
sans
37%
qu'c'est
34%
il
33%
oubliée
32%
faut
29%
Aucun quiz correspondant
Distribution des résultats
% des personnes avec chaque résultat
Percentile par nombre de réponses
Votre historique - résultats
Vous n’avez pas pris ce quiz